The sources of modern architecture and design / (Record no. 8584)

MARC details
000 -LEADER
fixed length control field 01874cam a2200517 i 4500
001 - CONTROL NUMBER
control field 23383762
003 - CONTROL NUMBER IDENTIFIER
control field OSt
005 - DATE AND TIME OF LATEST TRANSACTION
control field 20260305141645.0
008 - FIXED-LENGTH DATA ELEMENTS--GENERAL INFORMATION
fixed length control field 231113t20242024enka b 001 0 eng d
010 ## - LIBRARY OF CONGRESS CONTROL NUMBER
LC control number 2023950413
020 ## - INTERNATIONAL STANDARD BOOK NUMBER
International Standard Book Number 050029769X
Qualifying information (paperback)
020 ## - INTERNATIONAL STANDARD BOOK NUMBER
International Standard Book Number 9780500297698
Qualifying information (paperback)
035 ## - SYSTEM CONTROL NUMBER
System control number 23383762
035 ## - SYSTEM CONTROL NUMBER
System control number (OCoLC)1406084001
040 ## - CATALOGING SOURCE
Original cataloging agency YDX
Language of cataloging eng
Description conventions rda
Transcribing agency YDX
Modifying agency OCLCO
-- BDX
-- OCLCQ
-- YDX
-- OCLCO
-- BTS
-- OCLCO
-- IND
-- DLC
042 ## - AUTHENTICATION CODE
Authentication code lccopycat
050 00 - LIBRARY OF CONGRESS CALL NUMBER
Classification number NA645
Item number .P4 2024
082 04 - DEWEY DECIMAL CLASSIFICATION NUMBER
Classification number 724 P4 2024
Edition number 19/eng/20230216
Assigning agency OCoLC
100 1# - MAIN ENTRY--PERSONAL NAME
Personal name Pevsner, Nikolaus,
Dates associated with a name 1902-1983,
Relator term author.
245 14 - TITLE STATEMENT
Title The sources of modern architecture and design /
Statement of responsibility, etc. Nikolaus Pevsner ; foreword by Kenneth Frampton.
250 ## - EDITION STATEMENT
Edition statement New edition.
264 #1 - PRODUCTION, PUBLICATION, DISTRIBUTION, MANUFACTURE, AND COPYRIGHT NOTICE
Place of production, publication, distribution, manufacture London :
Name of producer, publisher, distributor, manufacturer Thames & Hudson,
Date of production, publication, distribution, manufacture, or copyright notice 2024.
264 #4 - PRODUCTION, PUBLICATION, DISTRIBUTION, MANUFACTURE, AND COPYRIGHT NOTICE
Date of production, publication, distribution, manufacture, or copyright notice ©2024
300 ## - PHYSICAL DESCRIPTION
Extent 215 pages :
Other physical details illustrations (chiefly color) ;
Dimensions 21 cm.
336 ## - CONTENT TYPE
Content type term text
Content type code txt
Source rdacontent
336 ## - CONTENT TYPE
Content type term still image
Content type code sti
Source rdacontent
337 ## - MEDIA TYPE
Media type term unmediated
Media type code n
Source rdamedia
338 ## - CARRIER TYPE
Carrier type term volume
Carrier type code nc
Source rdacarrier
340 ## - PHYSICAL MEDIUM
Color content polychrome
Source rdacc
340 ## - PHYSICAL MEDIUM
Source rdaill
490 1# - SERIES STATEMENT
Series statement World of art
500 ## - GENERAL NOTE
General note First published in 1968.
504 ## - BIBLIOGRAPHY, ETC. NOTE
Bibliography, etc. note Includes bibliographical references and index.
520 ## - SUMMARY, ETC.
Summary, etc. An updated edition of this classic title on the origins of 20th-century ideas in architecture and the applied arts.
650 #0 - SUBJECT ADDED ENTRY--TOPICAL TERM
Topical term or geographic name entry element Architecture, Modern
Chronological subdivision 19th century.
650 #0 - SUBJECT ADDED ENTRY--TOPICAL TERM
Topical term or geographic name entry element Art nouveau (Architecture)
650 #6 - SUBJECT ADDED ENTRY--TOPICAL TERM
Topical term or geographic name entry element Architecture
Chronological subdivision 19e siècle.
650 #6 - SUBJECT ADDED ENTRY--TOPICAL TERM
Topical term or geographic name entry element Art nouveau (Architecture)
655 #7 - INDEX TERM--GENRE/FORM
Genre/form data or focus term Illustrated works.
Source of term lcgft
655 #7 - INDEX TERM--GENRE/FORM
Genre/form data or focus term Ouvrages illustrés.
Source of term rvmgf
700 1# - ADDED ENTRY--PERSONAL NAME
Personal name Frampton, Kenneth,
Relator term writer of foreword.
830 #0 - SERIES ADDED ENTRY--UNIFORM TITLE
Uniform title World of art.
906 ## - LOCAL DATA ELEMENT F, LDF (RLIN)
a 7
b cbc
c copycat
d 2
e ncip
f 20
g y-gencatlg
942 ## - ADDED ENTRY ELEMENTS (KOHA)
Source of classification or shelving scheme Dewey Decimal Classification
Koha item type English Book
Suppress in OPAC No
Holdings
Withdrawn status Lost status Source of classification or shelving scheme Damaged status Not for loan Home library Current library Date acquired Total Checkouts Full call number Barcode Date last seen Price effective from Koha item type
    Dewey Decimal Classification     CENTRAL TUWAIQ 03/05/2026   724 P4 2024 1000000027018 03/05/2026 03/05/2026 English Book